书目信息 |
| 题名: |
等离子体应用于蒸发回收油田废水的技术
|
|
| 作者: | 邹龙生 著 | |
| 分册: | ||
| 出版信息: | 天津 天津科学技术出版社 2019 |
|
| 页数: | 182页 | |
| 开本: | 26cm | |
| 丛书名: | ||
| 单 册: | ||
| 中图分类: | X741 | |
| 科图分类: | ||
| 主题词: | 等离子体应用--油田--污水处理 | |
| 电子资源: | ||
| ISBN: | 978-7-5576-6000-0 | |
| 000 | 01106nam0 2200229 450 | |
| 001 | 012001003811 | |
| 005 | 20131105173241.0 | |
| 010 | @a978-7-5576-6000-0@dCNY45.00 | |
| 100 | @a20190423d2019 em y0chiy50 ea | |
| 101 | 0 | @achi |
| 102 | @aCN@b120000 | |
| 105 | @aa z 000yy | |
| 106 | @ar | |
| 200 | 1 | @a等离子体应用于蒸发回收油田废水的技术@9deng li zi ti ying yong yu zheng fa hui shou you tian fei shui de ji shu@f邹龙生著 |
| 210 | @a天津@c天津科学技术出版社@d2019 | |
| 215 | @a182页@c图@d26cm | |
| 330 | @a本书以等离子体技术在油田废水回用的工艺作为主线,阐述油田废水处理的特点及存在的问题,指出等离子体工艺的作用。全书共分7章,第1章是油田开采及废水,阐述油田开采过程中所带来的水环境问题,特别是稠油油田所产生的稠油废水。第2章是废水蒸发的研究现状。第3章是等离子体技术。第4章是实验方案和装备。第5章是稠油废水降膜蒸发回收蒸馏水的实验。第6章是NTP预处理稠油废水蒸发浓缩的实验。第7章是稠油废水高倍浓缩蒸发污垢热阻的模拟。 | |
| 606 | 0 | @a等离子体应用@x油田@x污水处理 |
| 690 | @aX741@v5 | |
| 701 | 0 | @a邹龙生@9zou long sheng@4著 |
| 801 | 0 | @aCN@b上海新华@c20191020 |
| 905 | @b1206729-32@dX741@e322@f4 | |
| 等离子体应用于蒸发回收油田废水的技术/邹龙生著.-天津:天津科学技术出版社,2019 |
| 182页:图;26cm |
| ISBN 978-7-5576-6000-0:CNY45.00 |
| 本书以等离子体技术在油田废水回用的工艺作为主线,阐述油田废水处理的特点及存在的问题,指出等离子体工艺的作用。全书共分7章,第1章是油田开采及废水,阐述油田开采过程中所带来的水环境问题,特别是稠油油田所产生的稠油废水。第2章是废水蒸发的研究现状。第3章是等离子体技术。第4章是实验方案和装备。第5章是稠油废水降膜蒸发回收蒸馏水的实验。第6章是NTP预处理稠油废水蒸发浓缩的实验。第7章是稠油废水高倍浓缩蒸发污垢热阻的模拟。 |
| ● |
| 相关链接 |
|
|
|
|
正题名:等离子体应用于蒸发回收油田废水的技术
索取号:X741/322
 
预约/预借
| 序号 | 登录号 | 条形码 | 馆藏地/架位号 | 状态 | 备注 |
| 1 | 1206729 | 212067298 | 第二样本阅览室/ [索取号:X741/322] | 在馆 | |
| 2 | 1206730 | 212067305 | 第三借阅区/ [索取号:X741/322] | 在馆 | |
| 3 | 1206731 | 212067314 | 第三借阅区/ [索取号:X741/322] | 在馆 | |
| 4 | 1206732 | 212067323 | 第三借阅区/ [索取号:X741/322] | 在馆 |